Chinese Cities: Hearts of Iron 4 - Statistics

General Stats
  • This quiz has been taken 91 times
    16 since last reset
  • The average score is 15 of 50
Answer Stats
State Victory Points City % Correct
Beiping 20 Beiping
100%
Nanjing 20 Nanjing
100%
Shanghai 5 Shanghai
100%
Wuhan 10 Wuhan
100%
Chongqing 20 Chongqing
93%
Chengdu 10 Chengdu
87%
Qingdao 5 Qingdao
80%
Changde 10 Changde
67%
Jinan 5 Jinan
60%
Zunyi 3 Zunyi
60%
Beiping 2 Tianjin
53%
Liangshan 1 Liangshan
47%
Fujian 3 Fuzhou
40%
Xian 1 Xi'an
40%
Hunan 5 Changsha
33%
Guizhou 3 Guiyang
33%
Zhejiang 1 Hangzhou
33%
Hunan 1 Hengyang
33%
Suzhou 3 Suzhou
33%
Jiangsu 1 Xuzhou
33%
Henan 2 Zhengzhou
33%
Anhui 1 Hefei
27%
Zhejiang 1 Ningbo
27%
Fujian 1 Xiamen
27%
Liangshan 3 Ya'an
27%
Beiping 1 Baoding
20%
Jiangxi 3 Nanchang
20%
Hebei 3 Shimen
20%
Henan 1 Luoyang
13%
Zhejiang 1 Wenzhou
13%
Anhui 1 Anqing
7%
Jiangxi 1 Ganzhou
7%
Wuhan 1 Hankow
7%
Henan 1 Kaifeng
7%
Jinan 1 Linyi
7%
Hubei 1 Mianyang
7%
Shandong 2 Yantai
7%
Hubei 1 Yichang
7%
Ganzi 1 Ba'an
0%
Jiangsu 2 Donghai
0%
Chengdu 1 Guanghan
0%
Huangshan 1 Huizhou
0%
Hebei-Chahar 3 Kalgan
0%
Ganzi 1 Kangding
0%
Suzhou 1 Nantong
0%
Zhejiang 1 Quzhou
0%
Sichuan 1 Wanxian
0%
Shandong 1 Weihaiwei
0%
Jiangsu 1 Yangzhou
0%
Chongqing 1 Yibin
0%
No matching quizzes found
Score Distribution
Percent of People with Each Score
Percentile by Number Answered
Your Score History
You have not taken this quiz since the last reset